[Event "TUR-chT 2nd League"]
[Site "Konya"]
[Date "2018.07.22"]
[Round "9.2"]
[White "Dogan, Sevval"]
[Black "Velikic, Adela"]
[Result "0-1"]
[WhiteElo "1817"]
[BlackElo "2299"]
[PlyCount "112"]
[EventDate "2018.07.16"]
[EventType "team-swiss"]
[EventRounds "9"]
[EventCountry "TUR"]
[SourceTitle "EXT 2019"]
[Source "ChessBase"]
[SourceDate "2018.10.10"]
[SourceVersion "1"]
[SourceVersionDate "2018.10.10"]
[SourceQuality "1"]
[WhiteTeam "Mezopotamya"]
[BlackTeam "Olbia VE Spor"]
[WhiteTeamCountry "TUR"]
[BlackTeamCountry "TUR"]

1. d4 d5 2. Bf4 Nf6 3. e3 c5 4. c3 Qb6 5. Qb3 c4 6. Qc2 g6 7. Nf3 Bf5 8. Qc1 Bg7 9. Be2 0-0 10. Nbd2 Nc6 11. 0-0 Rac8 12. h3 Rfe8 13. Ne5 Nd7 14. Nxd7 Bxd7 15. e4 dxe4 16. Nxc4 Qd8 17. Qe3 Be6 18. Nd2 f5 19. Bh6 Bh8 20. h4 Bf7 21. Bg5 Qc7 22. Nb3 e5 23. dxe5 Bxe5 24. g3 Ne7 25. Bf4 Bxf4 26. Qxf4 Qxf4 27. gxf4 Nd5 28. Rfd1 Nxf4 29. Bb5 Red8 30. Nd4 a6 31. Bf1 Bc4 32. Rd2 Bxf1 33. Kxf1 Kf7 34. Rad1 Kf6 35. Nb3 Rxd2 36. Rxd2 Nd3 37. f3 Ke5 38. Nd4 h6 39. Kg2 g5 40. hxg5 hxg5 41. fxe4 fxe4 42. Kg3 Rf8 43. Kg4 Rf1 44. Kxg5 Rg1+ 45. Kh4 Nf4 46. Nc2 Nd5 47. Re2 Rb1 48. Ne1 Kf4 49. a3 Ne3 50. Rf2+ Ke5 51. Re2 Rxe1 52. Rxe1 Ng2+ 53. Kg3 Nxe1 54. b3 e3 55. a4 Ke4 56. c4 Nd3 0-1

[Event "TUR-chT 2nd League"]
[Site "Konya"]
[Date "2018.07.20"]
[Round "7.6"]
[White "Dogan, Sevval"]
[Black "Cakal, Edanur"]
[Result "1-0"]
[WhiteElo "1817"]
[BlackElo "1229"]
[PlyCount "71"]
[EventDate "2018.07.16"]
[EventType "team-swiss"]
[EventRounds "9"]
[EventCountry "TUR"]
[SourceTitle "EXT 2019"]
[Source "ChessBase"]
[SourceDate "2018.10.10"]
[SourceVersion "1"]
[SourceVersionDate "2018.10.10"]
[SourceQuality "1"]
[WhiteTeam "Mezopotamya"]
[BlackTeam "Altin Hamle Corum"]
[WhiteTeamCountry "TUR"]
[BlackTeamCountry "TUR"]

1. f4 Nc6 2. Nf3 d5 3. b3 Nf6 4. Bb2 e6 5. e3 a6 6. Be2 g6 7. 0-0 Bg7 8. Qe1 0-0 9. h3 Nb4 10. Qd1 c5 11. d3 Nc6 12. Qe1 Ne7 13. g4 h6 14. Nbd2 b5 15. Ne5 Bb7 16. Ndf3 Nd7 17. Nxd7 Qxd7 18. Bxg7 Kxg7 19. Qc3+ Kh7 20. Qf6 Nc6 21. Qh4 Rh8 22. Kf2 Kg7 23. Qg3 Rag8 24. Kg1 Kf8 25. Ne5 Nxe5 26. fxe5 Qc7 27. Qf4 g5 28. Qf6 Qe7 29. Rf2 Rg7 30. a4 b4 31. Raf1 d4 32. exd4 cxd4 33. Bf3 Bxf3 34. Qxf3 Qa7 35. Qc6 a5 36. Qc8+ 1-0

[Event "TUR-chT 2nd League"]
[Site "Konya"]
[Date "2018.07.17"]
[Round "2.11"]
[White "Dogan, Sevval"]
[Black "Dayan, Cansu"]
[Result "1-0"]
[WhiteElo "1817"]
[BlackElo "1478"]
[PlyCount "105"]
[EventDate "2018.07.16"]
[EventType "team-swiss"]
[EventRounds "9"]
[EventCountry "TUR"]
[SourceTitle "EXT 2019"]
[Source "ChessBase"]
[SourceDate "2018.10.10"]
[SourceVersion "1"]
[SourceVersionDate "2018.10.10"]
[SourceQuality "1"]
[WhiteTeam "Mezopotamya"]
[BlackTeam "Maras Spor Kulubu"]
[WhiteTeamCountry "TUR"]
[BlackTeamCountry "TUR"]

1. e4 e5 2. Nf3 Nc6 3. Bb5 a6 4. Ba4 Nf6 5. 0-0 Be7 6. Re1 b5 7. Bb3 0-0 8. h3 d6 9. c3 Na5 10. Bc2 c5 11. d4 Qc7 12. d5 Re8 13. Nbd2 Bf8 14. Nf1 g6 15. Ng3 Bg7 16. b3 c4 17. b4 Nb7 18. a4 Bd7 19. a5 h6 20. Be3 Nh7 21. Qd2 h5 22. Ng5 f6 23. Nxh7 Kxh7 24. f4 h4 25. Nf1 f5 26. fxe5 dxe5 27. Bg5 f4 28. Qf2 Rh8 29. Bxh4 Bh6 30. Bf6 Rhg8 31. Rad1 Qd6 32. Qb6 Qxb6+ 33. axb6 Rae8 34. Bh4 g5 35. Bf2 g4 36. h4 g3 37. Bc5 Rg4 38. Ra1 a5 39. Rxa5 Nxa5 40. bxa5 Bc8 41. Rb1 Ba6 42. h5 Rh4 43. Bd1 Bg5 44. Bf3 Rc8 45. Bd6 Bf6 46. Nd2 Rd8 47. Bc7 Rd7 48. d6 Bg7 49. Nxc4 bxc4 50. b7 Bxb7 51. Rxb7 Bf8 52. a6 Bxd6 53. Bxd6 1-0

[Event "TUR Cup										"]
[Site "Antalya"]
[Date "2018.01.29"]
[Round "4"]
[White "Dogan, Sevval"]
[Black "Atas, Remzi"]
[Result "1/2-1/2"]
[WhiteElo "1861"]
[BlackElo "1558"]
[PlyCount "41"]
[EventDate "2018.01.27"]
[EventType "swiss"]
[EventRounds "11"]
[EventCountry "TUR"]
[SourceTitle "CBM 182 Extra"]
[Source "ChessBase"]
[SourceDate "2018.02.23"]
[SourceVersion "1"]
[SourceVersionDate "2018.02.23"]
[SourceQuality "1"]

1. e4 c6 2. d4 d5 3. exd5 cxd5 4. c4 Nc6 5. Be3 Nf6 6. Nc3 Bg4 7. f3 Bf5 8. c5 e5 9. Bb5 e4 10. Bg5 Be7 11. Qe2 0-0 12. Bxc6 bxc6 13. Qf2 Re8 14. Nge2 Bg6 15. 0-0 h6 16. Be3 exf3 17. Qxf3 Qd7 18. Nf4 Qg4 19. Nxg6 Qxg6 20. Bf4 Nh5 21. Be3 1/2-1/2

[Event "Wch U18 Girls"]
[Site "Montevideo"]
[Date "2017.09.24"]
[Round "9"]
[White "Dogan, Sevval"]
[Black "Wang, Jiaying"]
[Result "0-1"]
[WhiteElo "1810"]
[BlackElo "1822"]
[PlyCount "78"]
[EventDate "2017.09.17"]
[EventType "swiss"]
[EventRounds "11"]
[EventCountry "URU"]
[SourceTitle "CBM 180 Extra"]
[Source "ChessBase"]
[SourceDate "2017.10.06"]
[SourceVersion "1"]
[SourceVersionDate "2017.10.06"]
[SourceQuality "1"]

1. e4 c5 2. Nf3 d6 3. Bb5+ Bd7 4. Bxd7+ Qxd7 5. 0-0 Nc6 6. c3 Nf6 7. Re1 e6 8. d4 d5 9. e5 Ne4 10. Nbd2 Nxd2 11. Bxd2 c4 12. b3 b5 13. a4 Na5 14. bxc4 bxc4 15. Bf4 Be7 16. Ng5 h6 17. Qh5 0-0 18. Nh3 Rfb8 19. Re3 Qxa4 20. Ree1 Qb5 21. Kh1 Nb3 22. Rad1 Qe8 23. Qg4 Kh7 24. Re3 Qf8 25. Ng1 g5 26. Bg3 Qg7 27. Rf3 Qg6 28. Re3 a5 29. Qe2 a4 30. f4 g4 31. Rf1 Qf5 32. Qa2 a3 33. Ne2 Na5 34. Be1 Rb2 35. Qa1 Nb3 36. Qd1 Rb1 37. Ng3 Rxd1 38. Nxf5 exf5 39. Kg1 a2 0-1

[Event "Wch U18 Girls"]
[Site "Montevideo"]
[Date "2017.09.20"]
[Round "5"]
[White "Argote Heredia, Valentina"]
[Black "Dogan, Sevval"]
[Result "0-1"]
[WhiteElo "1944"]
[BlackElo "1810"]
[PlyCount "102"]
[EventDate "2017.09.17"]
[EventType "swiss"]
[EventRounds "11"]
[EventCountry "URU"]
[SourceTitle "CBM 180 Extra"]
[Source "ChessBase"]
[SourceDate "2017.10.06"]
[SourceVersion "1"]
[SourceVersionDate "2017.10.06"]
[SourceQuality "1"]

1. e4 c5 2. Nf3 d6 3. d4 cxd4 4. Nxd4 Nf6 5. Nc3 g6 6. h3 Bg7 7. Be3 Nc6 8. Nb3 0-0 9. Qd2 Bd7 10. Bh6 Rc8 11. Bxg7 Kxg7 12. f4 Na5 13. e5 Ne8 14. Qd5 Nxb3 15. axb3 Qb6 16. 0-0-0 Be6 17. Qd4 Qxd4 18. Rxd4 dxe5 19. fxe5 Nc7 20. Be2 Rfd8 21. Rhd1 Rxd4 22. Rxd4 Kf8 23. Kb1 Bf5 24. g4 Be6 25. Bf3 b6 26. Bb7 Rb8 27. Bc6 h6 28. Ne2 Rc8 29. Nf4 Rb8 30. Kc1 g5 31. Ne2 Rc8 32. Kd2 Na8 33. Bb7 Rb8 34. Be4 Nc7 35. Ke3 Ke8 36. Ng3 Rc8 37. Bc6+ Kf8 38. Nf5 Bxf5 39. gxf5 Ne8 40. Bxe8 Kxe8 41. c4 Rc5 42. Rd5 e6 43. fxe6 fxe6 44. Rxc5 bxc5 45. b4 cxb4 46. Kd4 Kd7 47. Ke4 Kc6 48. h4 gxh4 49. Kf4 Kc5 50. b3 a5 51. Kg4 h3 0-1

[Event "Wch U18 Girls"]
[Site "Montevideo"]
[Date "2017.09.18"]
[Round "2"]
[White "Dogan, Sevval"]
[Black "Monroy Garzon, Nataly Alejandra"]
[Result "1-0"]
[WhiteElo "1810"]
[BlackElo "2108"]
[PlyCount "57"]
[EventDate "2017.09.17"]
[EventType "swiss"]
[EventRounds "11"]
[EventCountry "URU"]
[SourceTitle "CBM 180 Extra"]
[Source "ChessBase"]
[SourceDate "2017.10.06"]
[SourceVersion "1"]
[SourceVersionDate "2017.10.06"]
[SourceQuality "1"]

1. e4 c5 2. Nf3 Nc6 3. Bb5 e6 4. c3 Nge7 5. 0-0 a6 6. Ba4 b5 7. Bc2 Ng6 8. Re1 Bb7 9. a4 Be7 10. axb5 axb5 11. Rxa8 Qxa8 12. Na3 Qa6 13. Qe2 c4 14. d4 0-0 15. h4 Na5 16. h5 Nh8 17. Nb1 f6 18. Nbd2 b4 19. Nh2 Nf7 20. Ng4 d5 21. exd5 Bxd5 22. Ne3 bxc3 23. Nxd5 exd5 24. bxc3 Bd6 25. Qe6 Qc6 26. Nf3 h6 27. Qf5 Rd8 28. Qh7+ Kf8 29. Nh4 1-0

[Event "Wch U18 Girls"]
[Site "Montevideo"]
[Date "2017.09.18"]
[Round "3"]
[White "Unuk, Laura"]
[Black "Dogan, Sevval"]
[Result "1-0"]
[WhiteElo "2329"]
[BlackElo "1810"]
[PlyCount "73"]
[EventDate "2017.09.17"]
[EventType "swiss"]
[EventRounds "11"]
[EventCountry "URU"]
[SourceTitle "CBM 180 Extra"]
[Source "ChessBase"]
[SourceDate "2017.10.06"]
[SourceVersion "1"]
[SourceVersionDate "2017.10.06"]
[SourceQuality "1"]

1. d4 Nf6 2. c4 e6 3. Nf3 d5 4. g3 Be7 5. Bg2 0-0 6. 0-0 c6 7. Qc2 b6 8. Rd1 Bb7 9. Nc3 Nbd7 10. e4 dxe4 11. Nxe4 Nxe4 12. Qxe4 Nf6 13. Qc2 Qc8 14. c5 Nd5 15. Bg5 Nf6 16. Rac1 bxc5 17. dxc5 Rd8 18. h4 h6 19. Bd2 Rd5 20. b4 Qe8 21. Ne1 Rd7 22. Nd3 Nd5 23. Ne5 Rdd8 24. Qe4 Nf6 25. Qf3 Nd5 26. Bh3 Bf6 27. Nc4 Be7 28. Re1 Ba6 29. Ne5 Bc8 30. b5 cxb5 31. Ba5 Rb8 32. Bg2 Bf6 33. Bxd8 Bxd8 34. c6 Bc7 35. Qd3 Nf6 36. Nd7 Ra8 37. Qxb5 1-0

[Event "Wch U18 Girls"]
[Site "Montevideo"]
[Date "2017.09.17"]
[Round "1"]
[White "Arpita, Mukherjee"]
[Black "Dogan, Sevval"]
[Result "1/2-1/2"]
[WhiteElo "2139"]
[BlackElo "1810"]
[PlyCount "71"]
[EventDate "2017.09.17"]
[EventType "swiss"]
[EventRounds "11"]
[EventCountry "URU"]
[SourceTitle "CBM 180 Extra"]
[Source "ChessBase"]
[SourceDate "2017.10.06"]
[SourceVersion "1"]
[SourceVersionDate "2017.10.06"]
[SourceQuality "1"]

1. e4 c5 2. Nc3 a6 3. f4 b5 4. Nf3 Bb7 5. d4 cxd4 6. Qxd4 Nc6 7. Qf2 e6 8. a3 d6 9. Be3 Nf6 10. h3 Be7 11. Bd3 0-0 12. 0-0 Nd7 13. Rad1 Qc7 14. Be2 Rac8 15. Qg3 Na5 16. f5 e5 17. Nh2 Kh8 18. Bc1 Nf6 19. Bd3 Nc4 20. Nd5 Bxd5 21. exd5 Qc5+ 22. Kh1 Qxd5 23. Ng4 Qc6 24. Rfe1 Qc7 25. b3 Nb6 26. Bg5 Nxg4 27. Bxe7 Qxe7 28. Qxg4 Qf6 29. a4 bxa4 30. bxa4 a5 31. Rb1 d5 32. Qe2 e4 33. Ba6 Ra8 34. Qb5 Nxa4 35. Qxa4 Qxa6 36. Rb5 1/2-1/2

[Event "TUR-chT 1st League"]
[Site "Konya"]
[Date "2017.07.22"]
[Round "8.7"]
[White "Zimina, Olga"]
[Black "Dogan, Sevval"]
[Result "1-0"]
[WhiteElo "2390"]
[BlackElo "1823"]
[PlyCount "87"]
[EventDate "2017.07.17"]
[EventType "team-swiss"]
[EventRounds "9"]
[EventCountry "TUR"]
[SourceTitle "CBM 179 Extra"]
[Source "ChessBase"]
[SourceDate "2017.08.23"]
[SourceVersion "1"]
[SourceVersionDate "2017.08.23"]
[SourceQuality "1"]
[WhiteTeam "Manisa Turkuaz"]
[BlackTeam "Ordu Buyuksehir Belediye"]
[WhiteTeamCountry "TUR"]
[BlackTeamCountry "TUR"]

1. Nf3 Nf6 2. c4 e6 3. g3 d5 4. b3 b6 5. Bg2 Bb7 6. 0-0 Be7 7. cxd5 exd5 8. d4 0-0 9. Ba3 Nbd7 10. Bxe7 Qxe7 11. Nc3 Ne4 12. Rc1 Nxc3 13. Rxc3 c5 14. e3 Rac8 15. dxc5 bxc5 16. Qc1 Nf6 17. Qa3 Ne4 18. Rc2 Ba8 19. Rfc1 Rfd8 20. Nd4 Qd7 21. Ne2 Qf5 22. Nf4 Rc7 23. Qa5 Qd7 24. f3 Nd6 25. Rxc5 Rxc5 26. Qxc5 Rc8 27. Qa3 Rxc1+ 28. Qxc1 Qc6 29. Qxc6 Bxc6 30. Kf2 Kf8 31. Ke1 Ke7 32. Kd2 Nb5 33. Ne2 Kd6 34. a4 Nc7 35. Nd4 Bd7 36. Bf1 Kc5 37. Kc3 a5 38. Bd3 h6 39. h4 g6 40. g4 g5 41. h5 f6 42. Bf5 Be8 43. Bc8 Bf7 44. Nf5 1-0

[Event "TUR-chT 1st League"]
[Site "Konya"]
[Date "2017.07.18"]
[Round "2.10"]
[White "Tereladze, Sopiko"]
[Black "Dogan, Sevval"]
[Result "1-0"]
[WhiteElo "2143"]
[BlackElo "1823"]
[PlyCount "75"]
[EventDate "2017.07.17"]
[EventType "team-swiss"]
[EventRounds "9"]
[EventCountry "TUR"]
[SourceTitle "CBM 179 Extra"]
[Source "ChessBase"]
[SourceDate "2017.08.23"]
[SourceVersion "1"]
[SourceVersionDate "2017.08.23"]
[SourceQuality "1"]
[WhiteTeam "Kocaeli Buyuksehir"]
[BlackTeam "Ordu Buyuksehir Belediye"]
[WhiteTeamCountry "TUR"]
[BlackTeamCountry "TUR"]

1. d4 d5 2. Nf3 Nf6 3. Bf4 e6 4. e3 Bd6 5. Bd3 0-0 6. 0-0 c5 7. c3 Qc7 8. Bxd6 Qxd6 9. Ne5 Nbd7 10. f4 cxd4 11. exd4 Ne4 12. Nd2 f5 13. Nxd7 Bxd7 14. Qe2 a6 15. Qe3 Qb6 16. Rfb1 Bb5 17. Bc2 Rac8 18. Nf3 a5 19. Ne5 Qd8 20. a4 Ba6 21. Bd3 Bxd3 22. Qxd3 Qe8 23. Rf1 Rf6 24. Rf3 Rh6 25. Qb5 Qxb5 26. axb5 b6 27. b4 axb4 28. cxb4 Nd6 29. Rfa3 Rf6 30. Ra7 Nxb5 31. Rb7 Rff8 32. Rxb6 Nxd4 33. b5 Rb8 34. Rxb8 Rxb8 35. b6 h6 36. Nd7 Rd8 37. b7 Nc6 38. Ra8 1-0

[Event "TUR-chT 1st League"]
[Site "Konya"]
[Date "2017.07.17"]
[Round "1.3"]
[White "Dogan, Sevval"]
[Black "Khukhashvili, Sopiko"]
[Result "0-1"]
[WhiteElo "1823"]
[BlackElo "2339"]
[PlyCount "96"]
[EventDate "2017.07.17"]
[EventType "team-swiss"]
[EventRounds "9"]
[EventCountry "TUR"]
[SourceTitle "CBM 179 Extra"]
[Source "ChessBase"]
[SourceDate "2017.08.23"]
[SourceVersion "1"]
[SourceVersionDate "2017.08.23"]
[SourceQuality "1"]
[WhiteTeam "Ordu Buyuksehir Belediye"]
[BlackTeam "Istanbul Darussafaka"]
[WhiteTeamCountry "TUR"]
[BlackTeamCountry "TUR"]

1. e4 c5 2. Nf3 d6 3. d4 cxd4 4. Nxd4 Nf6 5. Nc3 Nc6 6. Bg5 e6 7. Qd2 a6 8. 0-0-0 Bd7 9. f4 Qc7 10. Bxf6 gxf6 11. Kb1 b5 12. Nxc6 Qxc6 13. Bd3 b4 14. Ne2 Qc5 15. Nc1 a5 16. Nb3 Qb6 17. Be2 a4 18. Qd4 Qc7 19. Nd2 e5 20. Qe3 Bh6 21. g3 Be6 22. Rhf1 0-0 23. Qd3 Rfc8 24. f5 Bxa2+ 25. Kxa2 b3+ 26. Ka1 Qxc2 27. Nc4 a3 28. Qxc2 bxc2 29. Rde1 axb2+ 30. Kxb2 c1Q+ 31. Rxc1 Rab8+ 32. Kc3 Bxc1 33. Rxc1 Kf8 34. Ra1 Rc7 35. Kd2 Rb4 36. Kc3 Rb5 37. Ra8+ Kg7 38. Rd8 Rb1 39. Kd2 Ra7 40. Rxd6 Rh1 41. h4 Rh3 42. Rd3 Ra2+ 43. Ke1 Rh1+ 44. Kf2 Rh2+ 45. Kf3 Raxe2 46. Ne3 Rhf2+ 47. Kg4 h5+ 48. Kxh5 Rf3 0-1

[Event "World School-ch U17 Girls 12th"]
[Site "Sochi"]
[Date "2016.12.08"]
[Round "6"]
[White "Dimitrova, Aleksandra"]
[Black "Dogan, Sevval"]
[Result "1-0"]
[WhiteElo "2319"]
[BlackElo "1793"]
[PlyCount "143"]
[EventDate "2016.12.03"]
[EventType "swiss"]
[EventRounds "9"]
[EventCountry "RUS"]
[SourceTitle "CBM 176 Extra"]
[Source "ChessBase"]
[SourceDate "2017.03.02"]
[SourceVersion "1"]
[SourceVersionDate "2017.03.02"]
[SourceQuality "1"]

1. e4 c5 2. Nf3 Nc6 3. d4 cxd4 4. Nxd4 Nf6 5. Nc3 d6 6. Bg5 e6 7. Qd2 a6 8. 0-0-0 Bd7 9. f4 h6 10. Bh4 Be7 11. Nf3 Qc7 12. Bd3 0-0-0 13. Kb1 Kb8 14. Rhe1 Ng8 15. Bf2 Qa5 16. Qe3 Nf6 17. h3 Bc8 18. Nd2 Nd7 19. Nb3 Qc7 20. Nd5 exd5 21. exd5 Bf6 22. dxc6 bxc6 23. Qd2 Bb7 24. Na5 Nc5 25. Bxc5 dxc5 26. Nc4 Rd4 27. f5 Rhd8 28. Qe2 a5 29. c3 R4d7 30. Ne3 Bh4 31. Rf1 Re7 32. Qf3 Qg3 33. Qxg3+ Bxg3 34. Rf3 Bc7 35. Kc2 Rde8 36. Nf1 Rd7 37. Bc4 Rxd1 38. Kxd1 Rd8+ 39. Kc2 Re8 40. f6 gxf6 41. Rxf6 Re4 42. Nd2 Rf4 43. Rxf4 Bxf4 44. Bxf7 a4 45. b3 axb3+ 46. Nxb3 Bd6 47. c4 Bc8 48. g4 Kc7 49. Be8 Be6 50. Kd3 Kb6 51. a4 Bg8 52. Bg6 Be7 53. Be4 Bf7 54. Nd2 Be8 55. Nf3 Bf6 56. Kc2 Ka5 57. Kb3 Bd7 58. Bf5 Be8 59. h4 Bg7 60. Nd2 Bf6 61. Ne4 Be5 62. g5 hxg5 63. hxg5 Bh5 64. Nxc5 Bd1+ 65. Bc2 Bxc2+ 66. Kxc2 Bh8 67. Ne6 Kxa4 68. g6 Kb4 69. Kd3 Kb3 70. g7 Bxg7 71. Nxg7 Kb4 72. Kd4 1-0

[Event "TUR-chT"]
[Site "Izmir"]
[Date "2016.07.31"]
[Round "8.5"]
[White "Hereklioglu, Sude"]
[Black "Dogan, Sevval"]
[Result "1-0"]
[WhiteElo "1703"]
[BlackElo "1803"]
[PlyCount "87"]
[EventDate "2016.07.25"]
[EventType "team-swiss"]
[EventRounds "13"]
[EventCountry "TUR"]
[SourceTitle "CBM 173 Extra"]
[Source "ChessBase"]
[SourceDate "2016.08.29"]
[SourceVersion "1"]
[SourceVersionDate "2016.08.29"]
[SourceQuality "1"]
[WhiteTeam "Istanbul Teknik Uni"]
[BlackTeam "Turk Hava Yollari"]
[WhiteTeamCountry "TUR"]
[BlackTeamCountry "TUR"]

1. d4 Nf6 2. Nc3 d5 3. Bg5 Nbd7 4. Nf3 h6 5. Bh4 e6 6. a3 Be7 7. e3 0-0 8. Be2 b6 9. h3 Ne4 10. Bxe7 Qxe7 11. Nxe4 dxe4 12. Nd2 Bb7 13. 0-0 e5 14. c3 Rfd8 15. b4 exd4 16. cxd4 c5 17. dxc5 bxc5 18. b5 Ne5 19. Qc2 Ng6 20. Nb3 Rac8 21. Bg4 Rc7 22. Rfd1 Ne5 23. Rxd8+ Qxd8 24. Rd1 Qg5 25. Na5 Ba8 26. Nc4 Nd3 27. a4 f5 28. f4 Qf6 29. Be2 Nb4 30. Qd2 Bd5 31. Ne5 Qe7 32. Bc4 Bxc4 33. Qd8+ Kh7 34. Nxc4 Nd3 35. Qxe7 Rxe7 36. a5 Rb7 37. b6 axb6 38. axb6 Nb4 39. Rd6 Na6 40. Na5 Rb8 41. b7 Nb4 42. Rb6 h5 43. Rb5 Kh6 44. Rxc5 1-0

[Event "Ordu op 2nd"]
[Site "Ordu"]
[Date "2016.04.15"]
[Round "2"]
[White "Solodovnichenko, Yuri"]
[Black "Dogan, Sevval"]
[Result "1-0"]
[WhiteElo "2586"]
[BlackElo "1839"]
[PlyCount "72"]
[EventDate "2016.04.14"]
[EventType "swiss"]
[EventRounds "7"]
[EventCountry "TUR"]
[SourceTitle "CBM 171 Extra"]
[Source "ChessBase"]
[SourceDate "2016.04.26"]
[SourceVersion "1"]
[SourceVersionDate "2016.04.26"]
[SourceQuality "1"]

1. e4 c5 2. Nf3 Nc6 3. Bb5 Qb6 4. Nc3 e6 5. Bxc6 Qxc6 6. d4 b5 7. Ne5 Qb7 8. dxc5 b4 9. c6 dxc6 10. Ne2 Nf6 11. f3 Be7 12. Nd4 Bd7 13. Qe2 c5 14. Nxd7 Nxd7 15. Nb3 a5 16. Be3 a4 17. Nd2 Bf6 18. Nc4 0-0 19. Rd1 Rfd8 20. Kf2 Qb5 21. Rd6 Ne5 22. Rxd8+ Rxd8 23. Nxe5 Qxe2+ 24. Kxe2 Bxe5 25. Bxc5 Rc8 26. Rd1 Bxb2 27. Bxb4 Rxc2+ 28. Rd2 Rxd2+ 29. Kxd2 f5 30. exf5 exf5 31. Bc3 Ba3 32. Kd3 Kf7 33. Kc4 g6 34. Kb5 Bd6 35. h3 a3 36. Bb4 Ke6 1-0

[Event "Manavgat Turkey Cup"]
[Site "Manavgat"]
[Date "2016.02.02"]
[Round "5"]
[White "Goktas, Fahreddin"]
[Black "Dogan, Sevval"]
[Result "0-1"]
[WhiteElo "1641"]
[BlackElo "1839"]
[PlyCount "102"]
[EventDate "2016.01.30"]
[EventType "swiss"]
[EventRounds "11"]
[EventCountry "TUR"]
[SourceTitle "CBM 170 Extra"]
[Source "ChessBase"]
[SourceDate "2016.02.25"]
[SourceVersion "1"]
[SourceVersionDate "2016.02.25"]
[SourceQuality "1"]

1. e4 c5 2. Nf3 Nc6 3. d4 cxd4 4. Nxd4 Nf6 5. Nc3 d6 6. f3 Qb6 7. Nb3 e6 8. Qe2 a6 9. Be3 Qc7 10. Na4 Nd7 11. Qf2 b5 12. Nc3 Be7 13. 0-0-0 Nde5 14. Kb1 Nc4 15. Bc1 Bf6 16. Ne2 a5 17. g4 a4 18. Nd2 a3 19. b3 Nb6 20. c3 b4 21. c4 d5 22. f4 dxc4 23. g5 Be7 24. Nd4 Nxd4 25. Qxd4 c3 26. Nc4 Nxc4 27. Bxc4 0-0 28. Kc2 Bc5 29. Qd3 Bb7 30. Qe2 Qc6 31. Rhe1 Rad8 32. Bd3 Bd4 33. h4 f5 34. gxf6 Rxf6 35. Rf1 e5 36. fxe5 Rxf1 37. Rxf1 Bxe5 38. Qf3 Bf6 39. Qf5 Rxd3 40. Kxd3 Ba6+ 41. Ke3 Bxf1 42. Qxf1 Qc5+ 43. Kf4 Bxh4 44. Kg4 Bf6 45. Qd3 Qg1+ 46. Kh3 Qh1+ 47. Kg4 Qg1+ 48. Kh3 Qxc1 49. Qd5+ Kf8 50. Qd6+ Be7 51. Qe6 Qh6+ 0-1

[Event "Manavgat Turkey Cup"]
[Site "Manavgat"]
[Date "2016.01.31"]
[Round "2"]
[White "Dogan, Sevval"]
[Black "Koc, Ilkay"]
[Result "0-1"]
[WhiteElo "1839"]
[BlackElo "2045"]
[PlyCount "118"]
[EventDate "2016.01.30"]
[EventType "swiss"]
[EventRounds "11"]
[EventCountry "TUR"]
[SourceTitle "CBM 170 Extra"]
[Source "ChessBase"]
[SourceDate "2016.02.25"]
[SourceVersion "1"]
[SourceVersionDate "2016.02.25"]
[SourceQuality "1"]

1. e4 d5 2. exd5 Nf6 3. d4 Nxd5 4. Nf3 Bf5 5. Bd3 Bxd3 6. Qxd3 e6 7. 0-0 Nc6 8. c4 Nf6 9. Nc3 Be7 10. Bf4 0-0 11. a3 h6 12. Rad1 Bd6 13. Be5 Qe7 14. c5 Bxe5 15. dxe5 Nh7 16. Qb5 Rab8 17. b4 a6 18. Qc4 Rfd8 19. Ne2 Nf8 20. Ned4 Nxd4 21. Rxd4 Rxd4 22. Nxd4 Rd8 23. c6 b5 24. Qc3 Rd5 25. Nb3 Qd8 26. Nc5 Qa8 27. Nb3 Ng6 28. Re1 Ne7 29. Na5 Nf5 30. g4 Nh4 31. Nb7 Qe8 32. h3 Ng6 33. Re4 Ne7 34. Na5 Qd8 35. Nb7 Rd1+ 36. Re1 Rxe1+ 37. Qxe1 Qd5 38. Qc3 Nxc6 39. Qc5 Qd1+ 40. Kh2 Qf3 41. Na5 Qf4+ 42. Kg2 Nxe5 43. Qxc7 Qf3+ 44. Kg1 Qd1+ 45. Kg2 Qd5+ 46. Kf1 Qd3+ 47. Kg2 Nf3 48. Qg3 Ne1+ 49. Kh2 Qe4 50. Nb3 Nf3+ 51. Kg2 Nh4+ 52. Kh2 g5 53. Nc5 Qc6 54. Qb8+ Kh7 55. Qb7 Qd6+ 56. Kg1 Kg7 57. Nxa6 Qd1+ 58. Kh2 Qf1 59. Kg3 Qg1+ 0-1

[Event "Manavgat Turkey Cup"]
[Site "Manavgat"]
[Date "2016.01.30"]
[Round "1"]
[White "Tarhane, Necati"]
[Black "Dogan, Sevval"]
[Result "0-1"]
[WhiteElo "1428"]
[BlackElo "1839"]
[PlyCount "120"]
[EventDate "2016.01.30"]
[EventType "swiss"]
[EventRounds "11"]
[EventCountry "TUR"]
[SourceTitle "CBM 170 Extra"]
[Source "ChessBase"]
[SourceDate "2016.02.25"]
[SourceVersion "1"]
[SourceVersionDate "2016.02.25"]
[SourceQuality "1"]

1. e4 c5 2. c3 Nf6 3. e5 Nd5 4. Bc4 Nb6 5. Na3 Nxc4 6. Nxc4 d5 7. exd6 exd6 8. Nf3 d5 9. Ne3 Nc6 10. 0-0 Be7 11. d4 Be6 12. Re1 b6 13. h3 0-0 14. Nf1 cxd4 15. cxd4 Rc8 16. a3 Bd6 17. Bg5 Qd7 18. Qd2 Na5 19. Qe2 Nb3 20. Rad1 Bf5 21. g4 Bc2 22. Kg2 Rfe8 23. Ne3 f5 24. Ne5 Bxe5 25. Nxc2 Bf6 26. Qd3 Bxg5 27. Qxb3 fxg4 28. Rxe8+ Rxe8 29. Nb4 gxh3+ 30. Qxh3 Qxh3+ 31. Kxh3 Re2 32. Kg4 Bf6 33. Nd3 Re4+ 34. Kf3 Rxd4 35. b4 h5 36. Ke2 h4 37. Rh1 Rc4 38. Rh3 Rc3 39. a4 Ra3 40. Nf4 Rxh3 41. Nxh3 Kf7 42. f4 Ke6 43. Kf3 Kf5 44. b5 Ke6 45. Ke2 Kd6 46. Kd3 Kc5 47. f5 Be5 48. Kc2 Kb4 49. Nf2 Kxa4 50. Kb1 Kxb5 51. Ka2 Kc4 52. Kb1 Bg3 53. Nh3 d4 54. Kc2 d3+ 55. Kd2 a5 56. Kc1 a4 57. Ng1 a3 58. Kb1 d2 59. Kc2 a2 60. Nf3 d1Q+ 0-1

[Event "TUR-chT"]
[Site "Kocaeli"]
[Date "2015.08.15"]
[Round "13.4"]
[White "Dogan, Sevval"]
[Black "Temel, Burcu Melis"]
[Result "1/2-1/2"]
[WhiteElo "1737"]
[BlackElo "1878"]
[PlyCount "45"]
[EventDate "2015.08.04"]
[EventType "team-tourn"]
[EventRounds "13"]
[EventCountry "TUR"]
[SourceTitle "CBM 167 Extra"]
[Source "ChessBase"]
[SourceDate "2015.09.14"]
[SourceVersion "1"]
[SourceVersionDate "2015.09.14"]
[SourceQuality "1"]
[WhiteTeam "Turk Hava Yollari"]
[BlackTeam "Akdeniz Belediyesi"]
[WhiteTeamCountry "TUR"]
[BlackTeamCountry "TUR"]

1. e4 Nc6 2. d4 d5 3. e5 Bf5 4. Nf3 e6 5. Bd3 Bg6 6. Bg5 Be7 7. Bxe7 Qxe7 8. c3 f6 9. 0-0 Nh6 10. Re1 Bxd3 11. Qxd3 fxe5 12. Nxe5 Nxe5 13. Rxe5 Ng4 14. Re2 0-0 15. Nd2 Rf6 16. h3 Nh6 17. Nf3 Raf8 18. Ne5 Nf5 19. Rae1 Nd6 20. Ng4 Rg6 21. Ne5 Rgf6 22. Ng4 Rg6 23. Ne5 1/2-1/2